01123 a2200241 4500003000500000005001700005010001700022020002300039020002600062035002400088040000900112082000800121100001800129245009900147260003600246300003600282505044300318650005300761650001500814651001100829700002200840700001900862Nust20170207154047.0 a 2009004205 a0470195509 (cloth) a9780470195505 (cloth) a(OCoLC)ocn304385388 cNust00a5371 aDolezel, Ivo.10aIntegral methods in low-frequency electromagnetics -(E-BOOK)cI. Dolezel, P. Karban, P. Solin. aHoboken, N.J. :bWiley,cc2009. axxvii, 388 p. :bill. ;c25 cm. aElectromagnetic Fields and their Basic Characteristics)Page-1), Overview of Solution Methods (Page-27), Solution of Electromagnetic Fields by Integral Expressions (Page-83), 4 Integral and Integrodifferential Methods (Page-145), Indirect Solution of Electromagnetic Fields by the Boundary Element Method (Page-217), Integral Equations in Solution of Selected Coupled Problems (Page-245), Numerical Methods for Integral Equations (Page-281 0aELF electromagnetic fieldsxMathematical models. 0aIntegrals. aE-BOOK1 aKarban, P.d1979-1 a铯lin, Pavel.